Leasing moderní způsob financování investic
Saved in:
| Main Author: | |
|---|---|
| Other Authors: | |
| Format: | Book |
| Language: | Czech |
| Published: |
Praha
Management Press
1994
|
| Edition: | 2. dopln. a přeprac. vyd. |
| Subjects: | |
| Tags: |
No Tags, Be the first to tag this record!
|
MARC
| LEADER | 00000nam a2200000 4500 | ||
|---|---|---|---|
| 001 | c005249 | ||
| 005 | 20221205140730.7 | ||
| 020 | |a 80-85603-57-8 | ||
| 041 | 0 | |a cze | |
| 044 | |a CZ | ||
| 245 | 1 | 0 | |a Leasing |b moderní způsob financování investic |c Vratislav Válek, Jan Báča |
| 250 | |a 2. dopln. a přeprac. vyd. | ||
| 264 | 1 | |a Praha |b Management Press |c 1994 | |
| 300 | |a 120 s. | ||
| 610 | 2 | 0 | |a lízing |
| 610 | 2 | 0 | |a Európa |
| 610 | 2 | 0 | |a účtovníctvo |
| 610 | 2 | 0 | |a dane |
| 610 | 2 | 0 | |a odpisy |
| 610 | 2 | 0 | |a spoločnosti lízingové |
| 610 | 2 | 0 | |a slovníky |
| 610 | 2 | 0 | |a prenájom |
| 610 | 2 | 0 | |a kódexy |
| 100 | 1 | |a Válek, Vratislav | |
| 700 | 1 | |a Báča, Jan | |